LEADER 01563nam a2200325 a 4500 001 000000162701 003 CaOOAMICUS 005 20170918104701.0 008 170918s2017 sp u000 u cat r 020 $z9788495269751* 032 $aLibriCat 040 $aPUL$bita 082 04$a027 100 1 $aSerra Estelle?s, Javier.$0(OLS)http://pul/name/104417 245 10$aInventari dels arxius parroquials de L'Alcoia?, L'Alt Vinalop'o i El Comtat /$cXavier Serra Estelle?, Vicent Torregrosa Valls. 260 $aValencia :$bFacultad de Teologia San Vicente Ferrer,$c2017. 300 $a258, XII p. ;$c23 cm. 490 1 $aMonumenta archivorum Valentina ;$v15 650 4$aArchivi ecclesiastici.$0(OLS)http://pul/subject/30489 700 1 $aTorregrosa Valls, Vicent.$0(OLS)http://pul/name/104418 710 2 $aFacultad de teologia San Vicente Ferrer (Valencia).$0(OLS)http://pul/name/79210 830 0$aMonumenta archivorum Valentina ;$v15.$0(OLS)http://pul/title/140312 850 $aPUL 852 $aPUL$W1$xDP2 Cons. Gen., Altre Classi 3$y97$m027 SERXA 1$j186678$qDDC 21$B189922$CPULBib$Z2$F189922 $H130085 $81 941 1 $a9 996 $6020$z9788495269751*$9(OLS)http://pul/number/163095 996 $6082$a027$9(OLS)http://pul/classification/1896 996 $6245$aInventari dels arxius parroquials de L'Alcoia?, L'Alt Vinalop'o i El Comtat$9(OLS)http://pul/title/202455 996 $6260$aValencia :$bFacultad de Teologia San Vicente Ferrer$9(OLS)http://pul/publisher/48855 LEADER 01878nam a2200325 u 4500 001 000000027604 003 CaOOAMICUS 005 20150610160954.0 008 960118m19781982it u000 u ita u 035 $a10717513 040 $aIPA$bita 041 1 $aita$hger 245 00$aDizionario teologico dell'Antico Testamento /$c[a cura di] E. Jenni, C. Westermann ; edizione italiana a cura di Gian Luigi Prato. 260 $aTorino :$bMarietti,$c1978-1982. 300 $a2 v.$c25 cm 630 04$aBiblia.$pV.T.$xDizionari.$0(OLS)http://pul/subject/9421 700 1 $aJenni, Ernst,$dn.1927.$0(OLS)http://pul/name/22556 700 1 $aPrato, Gian Luigi.$0(OLS)http://pul/name/13505 700 1 $aWestermann, Claus,$d1909-2000.$0(OLS)http://pul/name/660 850 $aPUL 852 $aPUL$W1$xSL Cons. Gen., Altre Classi 1$y1$m2005 E 4-5;DF1/6/6$j38426$n $qStampati$q $B38426$CPULBib$Z2$F38426 $H45871,50848 $81 852 $aPUL$W1$xSL Cons. Gen., Altre Classi 1$y1$m2005 E 4-5;DF1/6/6$j38426$n $b $qStampati$B38427$CPULBib$Z2$F38427 $H45871,50848 $81 852 $aPUL$W1$xSL Religione 1$y3$m1(4) G 16$j120755$av.1$qStampati$B119958$CPULBib$Z2$F119958 $H63254 $82 852 $aPUL$W1$xSL Religione 1$y3$m1(4) G 17$j120756$av.2$qStampati$B119959$CPULBib$Z2$F119959 $H63255 $82 852 $aPUL$W1$xDP1 Fondo S. Lanza$y121$m3 A 30.2$j166541$av.2$qFondi$B166509$CPULBib$Z2$F166509 $HLAN283 $82 852 $aPUL$W1$xDP1 Fondo S. Lanza$y121$m3 A 30.1$j166542$av.1$qFondi$B167145$CPULBib$Z2$F167145 $HLAN167 $82 941 1 $a8 941 1 $a1 996 $6245$aDizionario teologico dell'Antico Testamento$9(OLS)http://pul/title/37748 996 $6260$aTorino :$bMarietti$9(OLS)http://pul/publisher/48186